00360nam a2200121Ia 4500008004100000245009700041260001700138260000900155300000900164650002300173650001200196856003000208170516s9999 xx 000 0 und d aMultifunctional Iron Oxide Nanoparticles for Diagnostics, Therapy and Macromolecule Delivery bTheranostics c2013 a3:12 xMedical Technology xMedtech uhttp://www.thno.org/v3i12